[Event "OP-2011-0-01685"]
[Site "LSS email"]
[Date "2011.07.28"]
[Round "?"]
[White "Vontina, Maria"]
[Black "Vrigazov, Hristo"]
[Result "1-0"]
[WhiteElo "738"]
[BlackElo "1538"]
[PlyCount "29"]
[EventDate "2011.07.25"]
[EventType "tourn (corr)"]
[EventRounds "4"]
[EventCountry "GER"]
[SourceTitle "Corr 2015"]
[Source "ChessBase"]
[SourceDate "2015.07.17"]
[SourceVersion "1"]
[SourceVersionDate "2015.07.17"]
[SourceQuality "1"]

1. e4 e6 2. d4 b6 3. Nf3 Bb7 4. Bd3 c5 5. 0-0 cxd4 6. Nxd4 a6 7. Nc3 Nc6 8. Nxc6 Bxc6 9. a3 Be7 10. f4 Bc5+ 11. Kh1 Qh4 12. Qf3 Nh6 13. Bd2 Ng4 14. h3 Nf2+ 15. Kh2 1-0

[Event "OP-2011-0-01685"]
[Site "LSS email"]
[Date "2011.07.28"]
[Round "?"]
[White "Vrigazov, Hristo"]
[Black "Bieszk, Stanislaw"]
[Result "0-1"]
[WhiteElo "1538"]
[BlackElo "847"]
[PlyCount "32"]
[EventDate "2011.07.25"]
[EventType "tourn (corr)"]
[EventRounds "4"]
[EventCountry "GER"]
[SourceTitle "Corr 2015"]
[Source "ChessBase"]
[SourceDate "2015.07.17"]
[SourceVersion "1"]
[SourceVersionDate "2015.07.17"]
[SourceQuality "1"]

1. d4 Nf6 2. Nf3 e6 3. e3 Be7 4. c4 0-0 5. Bd3 b6 6. b3 Bb7 7. Bb2 d5 8. Nbd2 Nbd7 9. 0-0 c5 10. Ne5 cxd4 11. exd4 Nxe5 12. dxe5 Nd7 13. Qg4 dxc4 14. Nxc4 Nc5 15. Bc2 b5 16. Nd6 Bd5 0-1

[Event "SB-2011-0-00168"]
[Site "LSS email"]
[Date "2011.07.19"]
[Round "?"]
[White "Vrigazov, Hristo"]
[Black "Herzog, Klaus"]
[Result "0-1"]
[WhiteElo "1660"]
[BlackElo "1819"]
[PlyCount "22"]
[EventDate "2011.06.27"]
[EventType "tourn (corr)"]
[EventRounds "6"]
[EventCountry "GER"]
[SourceTitle "Corr 2015"]
[Source "ChessBase"]
[SourceDate "2015.07.17"]
[SourceVersion "1"]
[SourceVersionDate "2015.07.17"]
[SourceQuality "1"]

1. b3 e5 2. e3 d5 3. Bb2 Bd6 4. f4 exf4 5. Bxg7 Qh4+ 6. g3 fxg3 7. Bg2 gxh2+ 8. Kf1 Nf6 9. Nf3 Qg3 10. Bxf6 Rg8 11. Qe2 Bf5 0-1

[Event "SB-2011-0-00152"]
[Site "LSS email"]
[Date "2011.05.20"]
[Round "?"]
[White "Vrigazov, Hristo"]
[Black "Cardoso Garcia, Sergio"]
[Result "0-1"]
[WhiteElo "1651"]
[BlackElo "2020"]
[PlyCount "24"]
[EventDate "2011.05.05"]
[EventType "tourn (corr)"]
[EventRounds "6"]
[EventCountry "GER"]
[SourceTitle "Corr 2015"]
[Source "ChessBase"]
[SourceDate "2015.07.17"]
[SourceVersion "1"]
[SourceVersionDate "2015.07.17"]
[SourceQuality "1"]

1. e4 c5 2. Nf3 d6 3. d4 cxd4 4. Nxd4 Nf6 5. Nc3 Nc6 6. Be3 Ng4 7. Bb5 Nxe3 8. fxe3 Bd7 9. 0-0 e6 10. Bxc6 bxc6 11. e5 Be7 12. exd6 Bxd6 0-1

[Event "SB-2011-0-00152"]
[Site "LSS email"]
[Date "2011.05.18"]
[Round "?"]
[White "Vrigazov, Hristo"]
[Black "Sorcinelli, Andrea"]
[Result "1/2-1/2"]
[WhiteElo "1651"]
[BlackElo "1994"]
[PlyCount "23"]
[EventDate "2011.05.05"]
[EventType "tourn (corr)"]
[EventRounds "6"]
[EventCountry "GER"]
[SourceTitle "Corr 2015"]
[Source "ChessBase"]
[SourceDate "2015.07.17"]
[SourceVersion "1"]
[SourceVersionDate "2015.07.17"]
[SourceQuality "1"]

1. b3 e5 2. e3 d5 3. Bb2 Nc6 4. Bb5 Bd6 5. f4 f6 6. Nh3 Nh6 7. Qh5+ Nf7 8. fxe5 fxe5 9. 0-0 g6 10. Qf3 0-0 11. Qxd5 Nb4 12. Qe4 1/2-1/2

[Event "OP-2011-0-01478"]
[Site "LSS email"]
[Date "2011.04.06"]
[Round "?"]
[White "Petrov, Hristo"]
[Black "Vrigazov, Hristo"]
[Result "0-1"]
[WhiteElo "1267"]
[BlackElo "1833"]
[PlyCount "106"]
[EventDate "2011.04.02"]
[EventType "tourn (corr)"]
[EventRounds "4"]
[EventCountry "GER"]
[SourceTitle "Telechess CBM 145"]
[Source "Chessbase"]
[SourceDate "2011.11.11"]
[SourceVersion "1"]
[SourceVersionDate "2011.11.11"]
[SourceQuality "1"]

1. c4 c5 2. Nc3 Nf6 3. Nf3 e6 4. g3 b6 5. Bg2 Bb7 6. 0-0 Be7 7. b3 0-0 8. Bb2 d6 9. d4 cxd4 10. Qxd4 a6 11. e4 Nbd7 12. Qe3 Qc7 13. Nd4 Rfe8 14. Rfe1 Bf8 15. h3 Rad8 16. Re2 g6 17. Rd1 Qb8 18. Qd2 Bg7 19. Qe1 Qa8 20. Kh2 Nc5 21. Ba1 h5 22. Bb2 h4 23. g4 Bh6 24. f3 Bf4+ 25. Kh1 Bg3 26. Qf1 e5 27. Nc2 Ne6 28. Nb4 Nd4 29. Re3 Bf4 30. Red3 b5 31. Nbd5 Bxd5 32. Nxd5 Nxd5 33. cxd5 Rc8 34. Rc3 Rxc3 35. Bxc3 Rc8 36. Bxd4 exd4 37. Rxd4 Rc2 38. a4 Qc8 39. axb5 axb5 40. Rd1 Qc3 41. Rb1 b4 42. Qg1 Rd2 43. Rd1 Ra2 44. Rb1 Re2 45. Qf1 Qc2 46. Re1 Rd2 47. Ra1 Qxb3 48. Ra8+ Kg7 49. Ra1 Qc3 50. Rc1 Rc2 51. Rxc2 Qxc2 52. Qa1+ Qc3 53. Qd1 b3 0-1

[Event "OP-2011-0-01478"]
[Site "LSS email"]
[Date "2011.04.06"]
[Round "?"]
[White "Pilipchuk, Andrey Vadimovich"]
[Black "Vrigazov, Hristo"]
[Result "1-0"]
[WhiteElo "800"]
[BlackElo "1833"]
[PlyCount "49"]
[EventDate "2011.04.02"]
[EventType "tourn (corr)"]
[EventRounds "4"]
[EventCountry "GER"]
[SourceTitle "Telechess CBM 145"]
[Source "Chessbase"]
[SourceDate "2011.11.11"]
[SourceVersion "1"]
[SourceVersionDate "2011.11.11"]
[SourceQuality "1"]

1. d4 Nf6 2. c4 g6 3. Nc3 Bg7 4. e4 d6 5. Nf3 0-0 6. h3 e5 7. d5 a5 8. Bg5 Na6 9. Be2 Nc5 10. Nd2 Bd7 11. g4 c6 12. Qc2 cxd5 13. exd5 h6 14. Be3 b6 15. Nf1 Re8 16. Ng3 e4 17. 0-0-0 a4 18. Kb1 a3 19. b3 Qe7 20. Qd2 Kh7 21. Rhe1 Rab8 22. Bd4 Kg8 23. Bf1 Qd8 24. Qf4 Qc7 25. Bxf6 1-0

[Event "OP-2011-0-01412"]
[Site "LSS email"]
[Date "2011.02.20"]
[Round "?"]
[White "Tamashiro, Ariel"]
[Black "Vrigazov, Hristo"]
[Result "1-0"]
[WhiteElo "1221"]
[BlackElo "1538"]
[PlyCount "73"]
[EventDate "2011.02.16"]
[EventType "tourn (corr)"]
[EventRounds "4"]
[EventCountry "GER"]
[SourceTitle "Telechess CBM 151"]
[Source "ChessBase"]
[SourceDate "2012.11.13"]
[SourceVersion "1"]
[SourceVersionDate "2012.11.13"]
[SourceQuality "1"]

1. e4 c5 2. f4 e6 3. Nf3 Nc6 4. Qe2 Nf6 5. g3 d5 6. e5 Nd7 7. Bg2 c4 8. 0-0 Bc5+ 9. Kh1 b5 10. d3 Ba6 11. Be3 Qb6 12. Bxc5 Nxc5 13. d4 Na4 14. c3 b4 15. a3 bxc3 16. bxc3 Rb8 17. Ra2 Qxb1 18. Rxb1 Rxb1+ 19. Ng1 Nxc3 20. Qc2 Rb3 21. Rb2 Nxd4 22. Qd2 Na4 23. Rxb3 Nxb3 24. Qb4 Nb6 25. Bf3 Nd7 26. Bd1 Nbc5 27. Ba4 0-0 28. Bxd7 Nxd7 29. Qd6 Nb6 30. Ne2 Bb5 31. Nc3 Ba6 32. a4 Bb7 33. Kg1 Ba8 34. Kf2 Nc8 35. Qd7 a6 36. Ke3 g6 37. a5 1-0

[Event "OP-2011-0-01412"]
[Site "LSS email"]
[Date "2011.02.19"]
[Round "?"]
[White "Vrigazov, Hristo"]
[Black "Kudla, Richard"]
[Result "1-0"]
[WhiteElo "1538"]
[BlackElo "1925"]
[PlyCount "23"]
[EventDate "2011.02.16"]
[EventType "tourn (corr)"]
[EventRounds "4"]
[EventCountry "GER"]
[SourceTitle "Corr 2015"]
[Source "ChessBase"]
[SourceDate "2015.07.17"]
[SourceVersion "1"]
[SourceVersionDate "2015.07.17"]
[SourceQuality "1"]

1. e4 c6 2. d4 d5 3. Nc3 dxe4 4. Nxe4 Bf5 5. Ng3 Bg6 6. Bc4 e6 7. N1e2 Bd6 8. Nf4 Nf6 9. c3 Nbd7 10. Qf3 0-0 11. Nxg6 hxg6 12. 0-0 1-0

[Event "OP-2011-0-01390"]
[Site "LSS email"]
[Date "2011.01.30"]
[Round "?"]
[White "Cherendler, Bong"]
[Black "Vrigazov, Hristo"]
[Result "1/2-1/2"]
[WhiteElo "1067"]
[BlackElo "1833"]
[PlyCount "27"]
[EventDate "2011.01.26"]
[EventType "tourn (corr)"]
[EventRounds "4"]
[EventCountry "GER"]
[SourceTitle "Corr 2013"]
[Source "ChessBase"]
[SourceDate "2012.11.12"]
[SourceVersion "1"]
[SourceVersionDate "2012.11.12"]
[SourceQuality "1"]

1. d4 c5 2. d5 f5 3. e4 fxe4 4. Nc3 Nf6 5. Bg5 d6 6. Qe2 Bf5 7. 0-0-0 Nbd7 8. h3 h6 9. g4 hxg5 10. gxf5 Qa5 11. Kb1 Rh4 12. Bg2 Nb6 13. f3 e3 14. Qxe3 1/2-1/2

[Event "OP-2011-0-01390"]
[Site "LSS email"]
[Date "2011.01.30"]
[Round "?"]
[White "Vrigazov, Hristo"]
[Black "Petrov, Hristo"]
[Result "1-0"]
[WhiteElo "1833"]
[BlackElo "1268"]
[PlyCount "35"]
[EventDate "2011.01.26"]
[EventType "tourn (corr)"]
[EventRounds "4"]
[EventCountry "GER"]
[SourceTitle "Telechess CBM 147"]
[Source "ChessBase"]
[SourceDate "2012.03.16"]
[SourceVersion "1"]
[SourceVersionDate "2012.03.16"]
[SourceQuality "1"]

1. e4 c5 2. Nf3 Nc6 3. d4 cxd4 4. Nxd4 Qb6 5. Nb5 a6 6. Be3 Qa5+ 7. N5c3 e6 8. Nd2 b5 9. a4 b4 10. Nc4 Qc7 11. Nd5 exd5 12. exd5 Nd8 13. Qe2 d6 14. Bb6+ Qe7 15. Nxd6+ Kd7 16. Ne4 f5 17. Qb5+ axb5 18. Bxb5+ 1-0

[Event "OP-2010-0-01297"]
[Site "LSS email"]
[Date "2010.10.27"]
[Round "?"]
[White "Ortiz, Manuel"]
[Black "Vrigazov, Hristo"]
[Result "1-0"]
[WhiteElo "2112"]
[BlackElo "1883"]
[PlyCount "53"]
[EventDate "2010.10.21"]
[EventType "tourn (corr)"]
[EventRounds "4"]
[EventCountry "GER"]
[SourceTitle "Telechess CBM 147"]
[Source "ChessBase"]
[SourceDate "2012.03.16"]
[SourceVersion "1"]
[SourceVersionDate "2012.03.16"]
[SourceQuality "1"]

1. e4 c5 2. Nf3 e6 3. d4 cxd4 4. Nxd4 a6 5. Nc3 d6 6. g4 b5 7. Bg2 Bb7 8. 0-0 Ne7 9. Be3 Nbc6 10. Nde2 Ng6 11. f4 Nh4 12. Bh1 Be7 13. Qe1 h6 14. Rd1 0-0 15. e5 d5 16. Ne4 Nb4 17. Qf2 Nxc2 18. Bc5 Rc8 19. Bxe7 Qxe7 20. Nd6 Rc7 21. Nxb7 Rxb7 22. Nc3 Nb4 23. a3 Nc6 24. Bxd5 Rc7 25. Be4 b4 26. axb4 Nxb4 27. Rd6 1-0

[Event "OP-2010-0-01286"]
[Site "LSS email"]
[Date "2010.10.14"]
[Round "?"]
[White "Popov, Evgeny Nikolaevich"]
[Black "Vrigazov, Hristo"]
[Result "1-0"]
[WhiteElo "2355"]
[BlackElo "1800"]
[PlyCount "49"]
[EventDate "2010.10.07"]
[EventType "tourn (corr)"]
[EventRounds "4"]
[EventCountry "GER"]
[SourceTitle "Telechess CBM 143"]
[Source "ChessBase"]
[SourceDate "2011.07.15"]
[SourceVersion "1"]
[SourceVersionDate "2011.07.15"]
[SourceQuality "1"]

1. e4 c5 2. Nf3 e6 3. d4 cxd4 4. Nxd4 d6 5. Nc3 a6 6. Be2 Nf6 7. 0-0 Qc7 8. Qd3 Nbd7 9. a4 Nc5 10. Qf3 Be7 11. a5 0-0 12. Rd1 e5 13. Nf5 Bxf5 14. Qxf5 Ne6 15. Be3 Nc5 16. Ra3 Rfe8 17. Bg5 Ncd7 18. Ra4 Rad8 19. g3 Nf8 20. Bc4 Qd7 21. Bxf6 Bxf6 22. Rb4 Ne6 23. Nd5 Bg5 24. Bb3 g6 25. Qf3 1-0

[Event "EU-ch U16"]
[Site "Batumi"]
[Date "2010.09.21"]
[Round "2"]
[White "Mokshanov, Alexey"]
[Black "Vrigazov, Hristo"]
[Result "1-0"]
[WhiteElo "2271"]
[BlackElo "1893"]
[PlyCount "95"]
[EventDate "2010.09.20"]
[EventType "swiss"]
[EventRounds "9"]
[EventCountry "GEO"]
[SourceTitle "CBM 138 Extra"]
[Source "ChessBase"]
[SourceDate "2010.10.29"]
[SourceVersion "1"]
[SourceVersionDate "2010.10.29"]
[SourceQuality "1"]

1. e4 c5 2. Nf3 e6 3. c3 d5 4. e5 Nc6 5. d4 Qb6 6. a3 a5 7. Bd3 Nge7 8. 0-0 cxd4 9. cxd4 Nf5 10. Bxf5 exf5 11. Nc3 Be6 12. Qd3 Be7 13. Qb5 Qxb5 14. Nxb5 Kd7 15. Bg5 Bf8 16. Ne1 h6 17. Bd2 Be7 18. Nd3 b6 19. Rfc1 Rhc8 20. g3 Nd8 21. b4 Rc4 22. Nb2 Rxc1+ 23. Rxc1 Nc6 24. bxa5 bxa5 25. Na4 Rb8 26. Nc5+ Bxc5 27. Rxc5 Rb7 28. a4 g5 29. f3 Rb6 30. h4 gxh4 31. gxh4 h5 32. Kf2 Rb8 33. Bc3 Rg8 34. Nd6 f6 35. Rb5 Rb8 36. Nb7 fxe5 37. Nc5+ Ke7 38. dxe5 f4 39. Rxb8 Nxb8 40. Bxa5 Nc6 41. Bc7 Bc8 42. Nd3 Ke6 43. Nxf4+ Kf5 44. Nxd5 Ke6 45. Nf4+ Kf5 46. Nxh5 Nxe5 47. Bxe5 Kxe5 48. Ke3 1-0

[Event "LSS SB-2010-0-00107"]
[Site "LSS email"]
[Date "2010.09.07"]
[Round "?"]
[White "Herzog, Klaus"]
[Black "Vrigazov, Hristo"]
[Result "1/2-1/2"]
[WhiteElo "1760"]
[BlackElo "1860"]
[PlyCount "99"]
[EventDate "2010.08.04"]
[EventType "tourn (corr)"]
[EventRounds "6"]
[EventCountry "GER"]
[SourceTitle "Telechess CBM 145"]
[Source "Chessbase"]
[SourceDate "2011.11.11"]
[SourceVersion "1"]
[SourceVersionDate "2011.11.11"]
[SourceQuality "1"]

1. d4 d5 2. c4 e6 3. Nc3 Nf6 4. cxd5 exd5 5. Bg5 Nbd7 6. e3 Be7 7. Bd3 0-0 8. Nge2 Re8 9. 0-0 c6 10. Qc2 Nf8 11. h3 Ng6 12. Nf4 Nxf4 13. Bxf4 Bd6 14. Rfe1 h6 15. Rac1 Be6 16. Qd1 Qb8 17. Qf3 Bxf4 18. exf4 Qc7 19. Na4 Ne4 20. f5 Bd7 21. Bxe4 dxe4 22. Rxe4 Rxe4 23. Qxe4 Re8 24. Qf3 Qd6 25. Nc3 b5 26. a3 h5 27. Rd1 a5 28. d5 b4 29. axb4 axb4 30. dxc6 Bxc6 31. Rxd6 Bxf3 32. Na2 Be4 33. f6 Bb1 34. Nxb4 Re1+ 35. Kh2 Re2 36. f3 Rxb2 37. Rd8+ Kh7 38. fxg7 Kxg7 39. Rd4 Kf6 40. Rf4+ Kg5 41. Rc4 Bg6 42. Nd5 Rb5 43. h4+ Kh6 44. Rd4 Kg7 45. Nf4 Ra5 46. Rd2 Rb5 47. Kg3 Rb8 48. Rd5 Kh6 49. Rd6 Kg7 50. Rd7 1/2-1/2

[Event "ZI-2010-0-00786"]
[Site "LSS email"]
[Date "2010.09.07"]
[Round "?"]
[White "Vrigazov, Hristo"]
[Black "Flores, Luis"]
[Result "1/2-1/2"]
[WhiteElo "1800"]
[BlackElo "1890"]
[PlyCount "47"]
[EventDate "2010.08.27"]
[EventType "match (corr)"]
[EventRounds "2"]
[EventCountry "GER"]
[SourceTitle "Telechess CBM 143"]
[Source "ChessBase"]
[SourceDate "2011.07.15"]
[SourceVersion "1"]
[SourceVersionDate "2011.07.15"]
[SourceQuality "1"]

1. e4 c5 2. Nf3 d6 3. d4 cxd4 4. Nxd4 Nf6 5. Nc3 a6 6. Bg5 e6 7. f4 Qb6 8. Qd2 Qxb2 9. Rb1 Qa3 10. Be2 Be7 11. 0-0 Nbd7 12. e5 dxe5 13. fxe5 Nxe5 14. Bxf6 gxf6 15. Ne4 f5 16. Rb3 Qa4 17. Nxf5 exf5 18. Nd6+ Bxd6 19. Qxd6 Qe4 20. Re1 Ng6 21. Bb5+ axb5 22. Rxe4+ fxe4 23. Rxb5 Rg8 24. Qc7 1/2-1/2